Statistics for Countries That Have Beaten Spain At FIFA World Cup

Click here to take the quiz!

General Stats

  • This quiz has been taken 40 times
  • The average score is 19 of 23

Answer Stats

YearScoreCountry% Correct
20061 - 3France
100%
19860 - 1Brazil
97%
19621 - 2Brazil
97%
19501 - 6Brazil
97%
19661 - 2Germany
97%
19821 - 2Germany
97%
19661 - 2Argentina
94%
19340 - 1Italy
94%
19941 - 2Italy
94%
20141 - 5Netherlands
92%
1986(4) - (5)Belgium
89%
2022(0) - (3)Morocco
89%
2018(3) - (4)Russia
89%
20220 - 1Japan
83%
20100 - 1Switzerland
83%
19501 - 3Sweden
81%
20140 - 2Chile
78%
19620 - 1Czechoslovakia
72%
2002(3) - (5)South Korea
72%
19901 - 2Yugoslavia
69%
19781 - 2Austria
67%
19982 - 3Nigeria
50%
19820 - 1Northern Ireland
25%

Score Distribution

Percentile by Number Answered

Percent of People with Each Score

Your Score History

You have not taken this quiz